Integrative functions of the autonomic nervous system : an analysis of the interrelationships and interactions of the sympathetic and parasympathetic divisions of the autonomic system in the control of body function /

Bibliographic Details
Other Authors: Brooks, Chandler McC, Koizumi, Kiyomi, 1924-, Sato, Akio
Format: Book
Language:English
Published: Tokyo : University of Tokyo Press, [1979]
Subjects:

MARC

Tag First Indicator Second Indicator Subfields
LEADER 00000cam a22000008i 4500
001 in00000061501
005 20151007082812.0
008 790605s1979 ja a b 10100 eng
010 |a  79016051  
020 |a 0444801405 
035 |a (OCoLC)05101141 
035 |9 AAF8429AM 
040 |a DLC  |c DLC  |d TXA  |d UtOrBLW 
049 |a TXAM  |c [1242873] 
050 0 0 |a QP368  |b .I56 1979 
060 0 |a WL600 I61 
082 0 |a 599/.01/88 
245 0 0 |a Integrative functions of the autonomic nervous system :  |b an analysis of the interrelationships and interactions of the sympathetic and parasympathetic divisions of the autonomic system in the control of body function /  |c edited by Chandler McC. Brooks, Kiyomi Koizumi, Akio Sato. 
263 |a 7906 
264 1 |a Tokyo :  |b University of Tokyo Press,  |c [1979] 
264 4 |c ©1979 
300 |a xiv, 508 pages :  |b illustrations ;  |c 27 cm. 
336 |a text  |b txt  |2 rdacontent 
337 |a unmediated  |b n  |2 rdamedia 
338 |a volume  |b nc  |2 rdacarrier 
504 |a Includes bibliographical references and indexes. 
650 0 |a Autonomic nervous system  |x Congresses. 
650 0 |a Biological control systems  |v Congresses. 
650 2 |a Autonomic Nervous System  |x physiology. 
700 1 |a Brooks, Chandler McC. 
700 1 |a Koizumi, Kiyomi,  |d 1924- 
700 1 |a Sato, Akio. 
999 |a MARS 
999 f f |s d0ae2b21-54f9-34d5-9fdf-d4e320020676  |i 5bde4fef-7a1c-3319-8fd8-ddf5c9fdee3f  |t 0 
952 f f |p ric  |a Texas A&M University  |b Rellis Campus  |c Joint Library Facility  |d Remote Storage  |t 0  |e QP368 .I56 1979  |h Library of Congress classification  |i unmediated -- volume  |m A14805012407 
998 f f |a QP368 .I56 1979  |t 0  |l Remote Storage